| 000 | 01275cam a2200349 a 4500 | ||
|---|---|---|---|
| 003 | CHAP | ||
| 005 | 20220329142135.0 | ||
| 008 | 991216d1997 r 10100 spa d | ||
| 010 | _a79104 | ||
| 011 | _a80076 | ||
| 035 | _a90518 | ||
| 040 | _cCHAP | ||
| 082 | 0 | 4 |
_a634.3 _bS5 |
| 111 | 0 | 0 |
_aSimposio Regional sobre Mercadotecnia y Manejo de Cítricos, Vid y Hortalizas _d(1997 : _cHermosillo, Son.) _9106385 |
| 245 | 1 | 0 |
_aMemoria _c/por INIFAP. Campo Experimental Costa de Hermosillo |
| 260 |
_aHermosillo, Son. : _bINIFAP. Campo Experimental Costa de Hermosillo, _c1997. |
||
| 300 | _a77 p. | ||
| 590 |
_aBATCH-UPD _b10 _c20130110 _lUCH01 _h0612 |
||
| 590 |
_aBATCH-UPD _b10 _c20130110 _lUCH01 _h2313 |
||
| 590 |
_aBATCH-UPD _b10 _c20130410 _lUCH01 _h0254 |
||
| 590 |
_aBATCH-UPD _b10 _c20130410 _lUCH01 _h1617 |
||
| 590 |
_aBATCH-UPD _b10 _c20130914 _lUCH01 _h0959 |
||
| 590 |
_aCONVERSION _b10 _c20130109 _lUCH01 _h1344 |
||
| 650 | 1 | 4 |
_aCítricos _xCongresos. _924414 |
| 650 | 1 | 4 |
_aLegumbres _xCongresos. _965695 |
| 650 | 1 | 4 |
_aVid _xCongresos. _9119101 |
| 710 | 0 |
_aINIFAP. México. Campo Agrícola Experimental Costa de Hermosillo. _958734 |
|
| 901 | _aBK | ||
| 905 | _aLilia Sánchez G. | ||
| 942 | _cLIBRO | ||
| 949 |
_a634.3 S5 _bBC _cCONG _d33724000744470 _eCONG _h96628 _i90518 _sb |
||
| 999 |
_c79104 _d79104 |
||